| 000 | 00468 a2200169 4500 | ||
|---|---|---|---|
| 005 | 20260330111235.0 | ||
| 008 | 260219b |||||||| |||| 00| 0 eng d | ||
| 020 | _a9781803092423 | ||
| 080 |
_a820.09 _bQUI/D |
||
| 100 | _aQuignard,Pascal | ||
| 245 |
_aDying of thinking _b: The last kingdom IX |
||
| 260 |
_bSeagull books. _aCalcutta. _c2023. |
||
| 300 | _a249p. | ||
| 653 | _aLiterary Criticism-English Literature | ||
| 700 | _aJohn Taylor;tr.by | ||
| 942 | _cOO | ||
| 999 |
_c114786 _d114785 |
||